| 000 | 00724cas a22002293a 4500 | ||
|---|---|---|---|
| 001 | 21617 | ||
| 003 | BD-RjUL | ||
| 005 | 20211209000716.0 | ||
| 008 | 140305s1929 enkar m 0 0eng | ||
| 035 |
_a(BD-RjUL)21681 _a(OCoLC)ocm05341284 |
||
| 040 |
_aBD-RjUL _beng _cBD-RjUL _dBD-RjUL |
||
| 041 | _aeng | ||
| 082 | 0 | 0 |
_a824 _bENE 1929 |
| 110 | 2 |
_aThe English Association _966757 |
|
| 245 | 0 | 0 |
_aEssays and studies / _cby members of the English Association. _nVOL. XV |
| 260 |
_aOxford : _bClarendon Press, _c1929. |
||
| 300 |
_a160 p. ; _c22 cm. |
||
| 650 | 0 |
_aEnglish literature _xHistory and criticism _xPeriodicals. _966758 |
|
| 650 | 0 |
_aEnglish philology _xPeriodicals. _966759 |
|
| 942 |
_2ddc _cBK |
||
| 999 |
_c21617 _d21617 |
||